000 00560nam a2200181 4500
001 147988
003 ES-MaACL
005 20230906202353.0
007 t|
008 070214s1971 sp r ||||1| spa d
100 1 _aStewart, Fred Mustard.
_9108179
245 1 3 _aEl vals mefisto /
_cpor Fred Mustard Stewart ; [traducción: Rosalía Vázquez].
250 _a[1ª ed.].
260 _a[Barcelona] :
_bPlaza & Janés,
_c[1971] (
_fRigsa)
300 _a310 p. ;
_c20 cm.
700 1 _aVázquez Tomás, Rosalia.
_9146004
852 _aES-MaACL
_jC-39235
_bR.77110
999 _c147988
_d147988